DBZ / DBS / DBGT Quiz by zx_cobra - Statistiques

Statistiques générales
  • Ce quiz a été pris 226 fois
    221 depuis la dernière actualisation
  • Le résultat moyen est 36 sur 82
Statistiques - réponses
Hint Réponse % Correct
Le prince fier des Saiyans. Vegeta
99%
Le père de Goku, un guerrier rebelle. Bardock
94%
Le fils de Vegeta et Bulma. Trunks
94%
Le frère de Goku, premier ennemi de DBZ. Raditz
86%
Le héros Saiyan élevé sur Terre. Son Goku
86%
Le deuxième fils de goku Son Goten
83%
Le Super Saiyan légendaire au pouvoir destructeur. Broly
82%
Le fils du héros devenu érudit. Son Gohan
82%
La fusion danse de Goku et Vegeta. Gogeta
78%
L'ami chauve et fidèle du héros. Krillin
78%
Le roi des Saiyans, père de Vegeta. Roi Vegeta
78%
La fusion Potalas de Goku et Vegeta Vegetto
76%
Le cyborg qui déclenche le ssj2 de Gohan contre Cell C-16
69%
La femme de krillin C-18
67%
Le Namek mentor et ancien ennemi du héros. Piccolo
67%
L'androïde bio parfait qui absorbe ses ennemis. Cell
66%
Le cyborg qui remporte le tournoi du Pouvoir C-17
65%
Le jeune Saiyan né de la fusion de deux enfants. Gotenks
65%
Le vieux maître des arts martiaux excentrique. Tortue Géniale
63%
Le Saiyan du futur qui voyage dans le temps. Trunks du futur
62%
a créature rose et magique à la puissance démesurée. Buu
61%
L'empereur galactique tyrannique ennemi des Saiyans. Freezer
61%
Le rival terrien avec une cicatrice sur le torse. Yamcha
61%
Le frère de Freezer vu dans un OAV. Cooler
57%
Le Dieu de la destruction de l'Univers 7, amateur de nourriture. Beerus
56%
Le premier cyborg que végéta tue C-19
56%
Le guerrier aux trois yeux ami de Goku. Tenshinhan
56%
La Saiyan de l'Univers 6 au pouvoir similaire à Broly. Kale
55%
La femme de Végéta Bulma
53%
Le sorcier maléfique qui a scellé Buu. Babidi
52%
Le gardien de la Terre et de la Tour Karin. Dendé
51%
La femme de Goku ChiChi
50%
Le scientifique fou qui crée des monstres avec des cellules de guerriers. Dr.Gero
48%
Le champion du monde qui affronte Buu. Mr. Satan
48%
La femme de Gohan Videl
47%
Son assistant et maître des arts martiaux angélique. Whis
47%
Le démo où sa salive se transforme en pierre Dabra
46%
Le plus puissant guerrier de l'Univers 11, rival de Goku. Jiren
46%
Le cochon métamorphe Oolong
46%
La fille de Gohan Pan
45%
La femme forte qui change de personnalité en éternuant Lunch
44%
Le Namek fusionné pour devenir un guerrier puissant. Nail
44%
Goku antagoniste Black Goku
41%
Le père de se sorcier. Bibidi
40%
La fusion de Buu et Gohan Buuhan
39%
Le Saiyan de l'Univers 6 qui découvre le Super Saiyan. Cabba
39%
Le juge des morts Enma
39%
Le Saiyan exilé par le roi Vegeta. Paragus
39%
Le roi suprême de l'univers, souvent représenté en double. Zeno
39%
La fille de Végéta Bra
38%
Le guerrier métallique qui affronte Goku dans un OAV Métal Cooler
37%
Le chef des Pride Troopers, héros de l'Univers 11. Toppo
37%
Le guerrier de l'Univers 6 qui ressemble à Freezer. Frost
36%
La forme final de cet etre maléfique Kid Buu
36%
Le frère de Beerus Champa
35%
La fusion de Buu avec Goten et Trunks Buutenks
34%
Le guerrier de Freezer qui peut arrêter le temps. Guldo
34%
L'ancien rival de Goku enfant, un empereur du crime. Tao Pai Pai
33%
L'alter ego de Goku (OAV) Thales
32%
Le père de Freezer Roi Cold
31%
Celui qui massacre Videl. Spopovitch
29%
Le Saiyan masqué ennemi dans GT. Baby Vegeta
27%
Son acolyte ange Vados
26%
Le plus puissant guerrier Namek fusionné avant Piccolo.(OAV) Slug
24%
La forme maléfique et plus maigre de Majin Buu. Super Buu
23%
Le cyborg allié de Gohan dans "Super Hero". Gamma 1
22%
Le premier ennemi que Goku affronte enfant. Pilaf
20%
Le général de Freezer avec une armure orange. Zarbon
20%
Le guerrier de Freezer aux cheveux rouges. Jeese
18%
Le démon ressuscité qui affronte Goku SSJ4. Li Shenron
18%
Le serviteur de Babidi ressemblant à un démon. Pui Pui
14%
Le petit etre aux joues rouges Chaozu
13%
Le guerrier de Freezer qui a une danse ridicule Reacum
13%
L'apprenti Kaïoshin qui fusionne avec son garde du corps. Kibitoshin
12%
Le guerrier bio-artificiel de l'armée du Ruban Rouge. Bio Broly
10%
Son père, un grand scientifique Brief
10%
Le premier Super Guerrier Légendaire Yamoshi
10%
Le chef des Saiyans dans l'OAV de Bardock. Toma
4%
Le Saiyan avec une queue qui se bat dans GT. Goku GT
3%
L'ancien Dieu de la destruction de l'Univers 11. Belmod
1%
Le jeune Namek devenu chef de son peuple après Freezer. Muri
1%
L'entraîneur excentrique des Kaioshins. Rou Dai Kaioshin
0%
Aucun quiz correspondant
Distribution des résultats
% des personnes avec chaque résultat
Percentile par nombre de réponses
Votre historique - résultats
Vous n’avez pas pris ce quiz depuis la dernière actualisation